La salud fragmentada en Colombia (Registro nro. 302732)

Detalles MARC
000 -ENCABEZADO
Número de control [NR] 01337cam a2200277 a 4500
005 - FECHA Y HORA DE LA ÚLTIMA TRANSACCIÓN
control field 20180409175616.0
008 - DE LONGITUD FIJA DE DATOS DE ELEMENTOS - INFORMACIÓN GENERAL
Elementos de longitud fija [NR] 160226s2002 ck ad r 001 0 spa d
020 ## - NUMERO INTERNACIONAL NORMALIZADO PARA LIBROS [R]
Número Internacional Normalizado del libro [NR] 9587011899
035 ## - NUMERO DE CONTROL DEL SISTEMA [R]
Número de control del sistema [NR] (Sirsi) a732093
040 ## - FUENTE DE CATALOGACION [NR]
Agencia de catalogación original [NR] DLC
Quien Cataloga Saul Niño
Quien Clasifica Saul Niño
041 0# - CODIGO DE IDIOMA [R]
Código de idioma para texto/pista de sonido o título separado [R] Español
060 ## - SIGNATURA TOPOGRAFICA DE LA BIBLIOTECA NACIONAL DE MEDICINA (NLM) [R]
Número clasificador [R] WA 11
100 1# - ASIENTO PRINCIPAL--NOMBRE PERSONAL [NR]
Nombre personal [NR] Hernández Álvarez, Mario Esteban
Fechas asociadas con el nombre [NR] 1962-
ID Autoridad 75847
245 13 - MENCION DE TITULO [NR]
Título [NR] La salud fragmentada en Colombia
Parte restante del título [NR] 1910-1946
Mención de responsabilidad, etc. [NR] Mario Esteban Hernández Alvarez ; editor Carlos Augusto Agudelo C.
260 ## - PUBLICACION, DISTRIBUCION, ETC. (PIE DE IMPRENTA) [R]
Lugar de publicación, distribución, etc. [R] Bogotá (Colombia)
Nombre del editor, distribuidor, etc. [R] Instituto de Salud Pública, Departamento de Salud Pública y Tropical, Facultad de Medicina, Universidad Nacional de Colombia
Fecha de publicación, distribución, etc. [R] 2002
300 ## - DESCRIPCION FISICA [R]
Extensión [R] xiii, 311 páginas
Otros detalles físicos [NR] ilustraciones, cuadros
504 ## - NOTA DE BIBLIOGRAFIA, ETC. [R]
Nota de bibliografía, etc. [NR] Incluye referencias bibliográficas e índices
650 #7 - ASIENTO SECUNDARIO DE MATERIA - TERMINO TEMATICO [R]
Término temático o nombre geográfico como elemento de entrada [NR] Política de salud
Subdivisión general [R] Historia
Subdivisión geográfica [R] Colombia
Subdivisión cronológica [R] Siglo XX
9 (RLIN) 21961
650 #7 - ASIENTO SECUNDARIO DE MATERIA - TERMINO TEMATICO [R]
Término temático o nombre geográfico como elemento de entrada [NR] Planificación de la salud
Subdivisión general [R] Historia
Subdivisión geográfica [R] Colombia
Subdivisión cronológica [R] Siglo XX
9 (RLIN) 21645
650 #7 - ASIENTO SECUNDARIO DE MATERIA - TERMINO TEMATICO [R]
Término temático o nombre geográfico como elemento de entrada [NR] Salud pública
Subdivisión general [R] Aspectos sociales
-- Historia
Subdivisión geográfica [R] Colombia
Subdivisión cronológica [R] Siglo XX
9 (RLIN) 8073
650 #7 - ASIENTO SECUNDARIO DE MATERIA - TERMINO TEMATICO [R]
Término temático o nombre geográfico como elemento de entrada [NR] Atención médica
Subdivisión general [R] Aspectos políticos
-- Historia
Subdivisión geográfica [R] Colombia
Subdivisión cronológica [R] Siglo XX
9 (RLIN) 9710
650 #0 - ASIENTO SECUNDARIO DE MATERIA - TERMINO TEMATICO [R]
Término temático o nombre geográfico como elemento de entrada [NR] Administración de los servicios de salud
Subdivisión general [R] Auditoría
Subdivisión geográfica [R] Colombia
Subdivisión cronológica [R] Siglo XX
9 (RLIN) 56845
690 #0 - ASUNTO AGREGADO LOCAL DE ENTRADA - TÉRMINO TEMÁTICO (OCLC, RLIN)
Acceso temático local Medicina general
9 (RLIN) 19160
942 ## - ELEMENTOS DE ENTRADA AGREGADOS (KOHA)
Sistema de clasificación NLM
Tema principal Medicina
Tipo de ítem principal el descrito en 300a Libro de reserva
Edición 1
Clasificación WA 11
Parte restante de la signatura top. H557sa
Título oculto en OPAC No
Existencias
Fecha de último préstamo Total préstamos Total Renewals Signatura topográfica Código de barras Última vez visto Ejemplar Costo de reposición Price effective from Tipo de ítem Nota pública (OPAC) Perdido Sistema de clasificación Dañado No prestable Tipo de ítem específico Suprimido Ubicación habitual Ubicación actual Localización Fecha de creación Proveedor Forma de adquisición Costo
05/08/2023 7 1 WA 11 H557sa 200028965 12/12/2025 Ej.2 25500.00 25/02/2016 Libro Spot Historia de la Medicina   NLM     Libro   Quinta de Mutis Quinta de Mutis 3er piso 25/02/2016 10 Compra 25500.00
22/02/2024 4 2 WA 11 H557sa 200028964 12/12/2025 Ej.1 25500.00 25/02/2016 Libro Spot Historia de la Medicina   NLM     Libro   Quinta de Mutis Quinta de Mutis 3er piso 25/02/2016 10 Compra 25500.00